|
|
|
|
| LEADER |
00000nam0a2200000 4500 |
| 001 |
685741 |
| 005 |
20260328150219.0 |
| 090 |
|
|
|a 685741
|
| 100 |
|
|
|a 20260328d1978 km|y0rusy50 ca
|
| 101 |
0 |
|
|a rus
|
| 102 |
|
|
|a RU
|
| 105 |
|
|
|a y z 000yy
|
| 181 |
|
0 |
|a i
|b e
|
| 182 |
|
0 |
|a n
|
| 183 |
|
0 |
|a nc
|2 RDAcarrier
|
| 200 |
1 |
|
|a К населению
|a О "демократии" и диктатуре
|a Что такое советская власть?
|e В. И. Ленин
|
| 203 |
|
|
|a Текст
|b визуальный
|c непосредственный
|
| 210 |
|
|
|a Москва
|c Политиздат
|d 1978
|
| 215 |
|
|
|a 15 с.
|
| 283 |
|
|
|a volume
|2 RDAcarrier
|
| 606 |
|
|
|a Ленин В. И.
|j Отдельные произведения
|9 86288
|
| 610 |
1 |
|
|a советская власть
|
| 610 |
1 |
|
|a пролетарская демократия
|
| 610 |
1 |
|
|a буржуазная демократия
|
| 610 |
1 |
|
|a диктатура пролетариата
|
| 686 |
|
|
|2 rubbk
|a Т3(2)6-8Ленин156
|
| 700 |
|
1 |
|a Ленин
|b В. И.
|c настоящая фамилия Ульянов
|c российский политический деятель
|f 1870-1924
|g Владимир Ильич
|9 486
|
| 801 |
|
0 |
|a RU
|b 63413507
|c 20260328
|
| 830 |
|
|
|a Ретро2026Каталогизация
|
| 850 |
|
|
|a 63413507
|
| 942 |
|
|
|c BK
|